Todas as cidades da Baixada Santista - Statistics

Estatísticas Gerais
  • Esse quiz foi jogado 37 vezes
  • A pontuação média é 7 de 9
Estatísticas das Respostas
População Cidade % Correto
418 608 Santos
100%
329 911 São Vicente
100%
287 634 Guarujá
90%
349 935 Praia Grande
86%
68 352 Peruíbe
76%
112 476 Cubatão
72%
112 476 Itanhaém
69%
61 951 Mongaguá
69%
64 188 Bertioga
62%
Nenhum quiz correspondente encontrado
Distribuição das Pontuações
Porcentagem de Pessoas com Cada Pontuação
Percentil de Números Respondidos
Sua Pontuação Histórica
Você não jogou esse quiz